Normal view
MARC view
- Universidad Autónoma del Estado de México
Entry Nombre Corporativo
001 - NÚMERO DE CONTROL
- campo de control: 19129
003 - IDENTIFICADOR DE NUMERO DE CONTROL
- campo de control: MX-MxUPN
005 - FECHA Y HORA DE LA ÜLTIMA TRANSACCIÓN
- campo de control: 20231110153252.0
008 - DATOS DE LONGITUD FIJA
- campo de control de longitud fija: 231110n||acnnnaabn a ana |d
035 ## - NÚMERO DE CONTROL
- Número de control: UPN10000019138
040 ## - FUENTE DE CATALOGACIÓN
- Agencia original de catalogación: MX-MxUPN
- Lenguaje de catalogación: spa
- Agencia transcribe: MX-MxUPN
110 2# - ENCABEZAMIENTO - NOMBRE CORPORATIVO
- Nombre corporativo o de jurisdicción como elemento de entrada : Universidad Autónoma del Estado de México
410 ## - MENCIÓN DE REFERENCIA “VÉASE” – NOMBRE DE ENTIDAD CORPORATIVA
- Corporate name or jurisdiction name as entry element: UAEM
670 ## - FUENTE EN LA QUE SE LOCALIZARON DATOS
- Cita de la fuente : E
- Información localizada: Universidad Autónoma de Puebla
902 ## - CATALOGADOR
- Catalogador: MMA/100696
